Beyond patriarchy : essays by men on pleasure, power, and change /

Bibliographic Details
Other Authors: Kaufman, Michael, 1951-
Format: Book
Language:English
Published: Toronto ; New York : Oxford University Press, 1987.
Subjects:

MARC

Tag First Indicator Second Indicator Subfields
LEADER 00000cam a2200000 a 4500
001 in00000016435
005 20151007052755.0
008 880331s1987 onca b 00000 eng c
010 |a  88672465  
020 |a 019540534X (pbk.) :  |c £17.95 
035 |a (OCoLC)17807013 
035 |9 AAA9125AM 
040 |a MH  |c HLS  |d TXA  |d UtOrBLW 
049 |a TXAM  |c [A11071126] 
050 4 |a HQ1090  |b .B49 1987 
245 0 0 |a Beyond patriarchy :  |b essays by men on pleasure, power, and change /  |c edited by Michael Kaufman. 
264 1 |a Toronto ;  |a New York :  |b Oxford University Press,  |c 1987. 
300 |a xix, 322 pages :  |b illustrations ;  |c 23 cm. 
336 |a text  |b txt  |2 rdacontent 
337 |a unmediated  |b n  |2 rdamedia 
338 |a volume  |b nc  |2 rdacarrier 
504 |a Includes bibliographies. 
650 0 |a Men. 
650 0 |a Masculinity. 
650 0 |a Patriarchy. 
650 0 |a Power (Social sciences) 
700 1 |a Kaufman, Michael,  |d 1951- 
999 |a MARS 
999 f f |s c9022db2-d536-3543-b722-b8b6e9ee6d5d  |i cbe29da4-e7a6-3f57-ba04-b8b91303c66f  |t 0 
952 f f |p ric  |a Texas A&M University  |b Rellis Campus  |c Joint Library Facility  |d Remote Storage  |t 0  |e HQ1090 .B49 1987  |h Library of Congress classification  |i unmediated -- volume  |m A14811071126 
998 f f |a HQ1090 .B49 1987  |t 0  |l Remote Storage